Matrimonio concordatario e giurisdizione dello stato: studi sulle recenti evoluzioni della giurisprudenza
Saved in:
| Main Authors: | , |
|---|---|
| Format: | Bog |
| Sprog: | italiensk |
| Udgivet: |
Bolonia
Pàtron
1987
|
| Fag: | |
| Tags: |
Tilføj Tag
Ingen Tags, Vær først til at tagge denne postø!
|
MARC
| LEADER | 00000nam a2200000 a 4500 | ||
|---|---|---|---|
| 001 | UCM9762 | ||
| 003 | CL-VaPUC | ||
| 008 | 030516e19870000IT |||||||||||||||||ita|d | ||
| 082 | 0 | 4 | |a 262.933 |b SPI |2 21 |
| 100 | 0 | |a Spinelli, Lorenzo |e author |9 476360 | |
| 700 | 0 | |a Dalla Torre, Giuseppe |e author |9 476361 | |
| 245 | 1 | 0 | |a Matrimonio concordatario e giurisdizione dello stato: studi sulle recenti evoluzioni della giurisprudenza |
| 300 | |a 224 p | ||
| 942 | |c BK | ||
| 945 | |d 20030516 00:00:00 |a cmena | ||
| 260 | |a Bolonia |b Pàtron |c 1987 | ||
| 650 | 7 | |a DERECHO CANONICO |2 CL-VaPUC |9 476362 | |
| 650 | 7 | |a MATRIMONIO |2 CL-VaPUC |9 476363 | |
| 650 | 0 | |a Estado y religión |9 393270 | |
| 650 | 0 | |a Jurisprudencia |9 255952 | |
| 650 | 0 | |a Derecho de familia |9 255603 | |
| 583 | |a last modification |c 20030516 00:00:00 |k Rodrigo Vera | ||
| 999 | |c 303891 |d 303889 | ||
| 952 | |0 0 |1 0 |4 0 |6 262_933000000000000_SPI_1987 |7 0 |8 A |9 365482 |a BIBDER |b BIBDER |d 2019-11-21 |i 3903036 |o 262.933 SPI 1987 |p 3903036 |r 2023-01-25 |w 2019-11-21 |y BK |k DER | ||